Odgadnij Państwa w fragmentach z mapy - Statystyki

Ogólne statystyki
  • Ten quiz został rozwiązany 509 razy
    32 od ostatniego zresetowania
  • Średni wynik to 13 z 16
Statystyki odpowiedzi
Obrazkowy Odpowiedź % Poprawnych
Arabia Saudyjska / Dżibuti / Egipt / Erytrea / Etiopia / Jemen / Somalia / Sudan
96%
Meksyk / Stany Zjednoczone
96%
Austria / Czechy / Niemcy / Polska / Słowacja / Węgry
91%
Cypr / Liban / Syria / Turcja
91%
Egipt / Grecja / Libia / Malta / Turcja / Włochy
91%
Eswatini / Mozambik / Republika Południowej Afryki
91%
Australia / Indonezja / Papua-Nowa Gwinea
87%
Belgia / Francja / Holandia / Luksemburg / Niemcy
87%
Brazylia / Gujana / Surinam / Wenezuela
87%
Hiszpania / Maroko / Portugalia / Wielka Brytania
87%
Argentyna / Brazylia / Paragwaj / Urugwaj
78%
Chiny / Kazachstan / Mongolia / Rosja
78%
Japonia / Korea Południowa / Korea Północna
78%
Dania / Niemcy / Szwecja
70%
Benin / Burkina Faso / Ghana / Mali / Nigeria / Niger / Togo
65%
Białoruś / Litwa / Łotwa / Polska
57%
Nie znaleziono quizów pasujących do podanych kryteriów
Rozkład punktacji
Procent ludzi z każdym wynikiem
Percentyl według liczby udzielonych odpowiedzi
Twoja historia wyników
Nie rozwiązałeś tego quizu od ostatniego zresetowania